Revue de droit international et de législation comparée / (Record no. 2049)

MARC details
000 -LEADER
campo de control de longitud fija 01193nas a2200301 i 4500
001 - NÚMERO DE CONTROL
campo de control 2049
003 - IDENTIFICADOR DE NÚMERO DE CONTROL
campo de control ES-MaACL
005 - FECHA Y HORA DE LA ÚLTIMA TRANSACCIÓN
campo de control 20251003194442.0
007 - CAMPO FIJO DE DESCRIPCIÓN FÍSICA--INFORMACIÓN GENERAL
campo de control de longitud fija t|
008 - DATOS DE LONGITUD FIJA--INFORMACIÓN GENERAL
campo de control de longitud fija 950801d18691939be z| | 1 ||re d
245 00 - MENCIÓN DEL TÍTULO
Título Revue de droit international et de législation comparée /
Mención de responsabilidad, etc. publiée ... par T.M.C. Asser ... G. Rolin-Jaequemyns y J. Westlake.
260 ## - PUBLICACIÓN, DISTRIBUCIÓN, ETC.
Lugar de publicación, distribución, etc. Bruxelles... etc :
Nombre del editor, distribuidor, etc. Williams et Norgate, etc,
Fecha de publicación, distribución, etc. 1869-1939 (
Fabricante Gand I.S. van Dooselaere)
300 ## - DESCRIPCIÓN FÍSICA
Extensión 57 v. ;
Dimensiones 24 cm.
310 ## - PERIODICIDAD ACTUAL
Periodicidad actual Trimestral,
Fecha de comienzo de la periodicidad actual 1929-
362 0# - FECHAS DE PUBLICACIÓN Y/O DESIGNACIÓN SECUENCIAL
Fecha de publicación y/o designación secuencial 1ª série, t. I (1869)-3ª série, t. 20 (1939)
500 ## - NOTA GENERAL
Nota general En 1893 se publica un v. de Tables generales (1869-93)
500 ## - NOTA GENERAL
Nota general En 1914 se publica un v. de Tables generales (1894-1914)
550 ## - NOTA DE ENTIDAD RESPONSABLE
Nota de entidad responsable Organo del Institute of International Law, 1874-1879, 1920-
650 17 - PUNTO DE ACCESO ADICIONAL DE MATERIA--TÉRMINO DE MATERIA
Término de materia o nombre geográfico como elemento de entrada Derecho
Fuente del encabezamiento o término embne
9 (RLIN) 11602
700 1# - ENTRADA AGREGADA--NOMBRE PERSONAL
Nombre de persona Asser, T. M. C.
9 (RLIN) 23654
700 1# - ENTRADA AGREGADA--NOMBRE PERSONAL
Nombre de persona Rolin-Jaequemyns, Gustave,
Fechas asociadas al nombre 1835-1902
9 (RLIN) 132016
700 1# - ENTRADA AGREGADA--NOMBRE PERSONAL
Nombre de persona Westlake, J,
Término indicativo de función/relación
9 (RLIN) 194363
700 1# - ENTRADA AGREGADA--NOMBRE PERSONAL
Nombre de persona Visscher, Charles,
Término indicativo de función/relación
9 (RLIN) 194364
710 2# - ENTRADA AGREGADA--NOMBRE DE ENTIDAD CORPORATIVA
Nombre de entidad corporativa o nombre de jurisdicción como elemento de entrada Institute of International Law.
9 (RLIN) 141196
852 ## - LOCALIZACIÓN
Ubicación ES-MaACL
Número de control de estantería Hem-409
866 #0 - MENCIÓN TEXTUAL DE FONDOS--UNIDAD BIBLIOGRÁFICA BÁSICA
Fondos 1869-1914,1921-23,1927,1930-34.
Holdings
Estatus retirado Estado de pérdida Estado de daño No para préstamo Colección Biblioteca de origen Biblioteca actual Ubicación en estantería Fecha de adquisición Fuente de adquisición Total de préstamos Signatura topográfica completa Código de barras Visto por última vez Precio de reemplazo Tipo de ítem Koha
        Periódicos y Revistas Biblioteca del Ateneo de Madrid Biblioteca del Ateneo de Madrid Depósito 1 17/01/2008     Hem-409 1002088 23/02/2023 23/02/2023 Revista